Plan de cuentas para sistemas contables 2018 / (Registro nro. 173052)
[ vista simple ]
| 000 -LEADER | |
|---|---|
| fixed length control field | 01246nam a22003611i 4500 |
| 001 - CONTROL NUMBER | |
| control field | bslw10069038 |
| 006 - FIXED-LENGTH DATA ELEMENTS--ADDITIONAL MATERIAL CHARACTERISTICS--GENERAL INFORMATION | |
| fixed length control field | m o d |
| 007 - PHYSICAL DESCRIPTION FIXED FIELD--GENERAL INFORMATION | |
| fixed length control field | cr un ---uuuua |
| 008 - FIXED-LENGTH DATA ELEMENTS--GENERAL INFORMATION | |
| fixed length control field | 230714s2018 ck ob 000 0 spa d |
| 020 ## - INTERNATIONAL STANDARD BOOK NUMBER | |
| International Standard Book Number | 9789587715903 |
| 020 ## - INTERNATIONAL STANDARD BOOK NUMBER | |
| Cancelled/invalid ISBN | 9789587719510 |
| Qualifying information | (eISBN) |
| 035 ## - | |
| -- | 38754 |
| 040 ## - CATALOGING SOURCE | |
| Original cataloging agency | UtOrBLW |
| Language of cataloging | eng |
| Description conventions | rda |
| Transcribing agency | UtOrBLW |
| 050 #4 - | |
| -- | HF5681.B2 |
| -- | U75 2018 |
| 082 04 - | |
| -- | 657.32 |
| -- | 23 |
| 100 1# - MAIN ENTRY--PERSONAL NAME | |
| Personal name | Uribe Medina, Luis Raúl, |
| Relator term | author. |
| 245 10 - TITLE STATEMENT | |
| Title | Plan de cuentas para sistemas contables 2018 / |
| Statement of responsibility, etc | Luis Raúl Uribe. |
| 250 ## - | |
| -- | Tercera edición. |
| 264 #1 - | |
| -- | Bogotá, Colombia : |
| -- | Ecoe Ediciones, |
| -- | 2018. |
| 300 ## - PHYSICAL DESCRIPTION | |
| Extent | 1 online resource (viii, 249 pages) |
| 336 ## - | |
| -- | text |
| -- | txt |
| -- | rdacontent |
| 337 ## - | |
| -- | computer |
| -- | c |
| -- | rdamedia |
| 338 ## - | |
| -- | online resource |
| -- | cr |
| -- | rdacarrier |
| 490 1# - SERIES STATEMENT | |
| Series statement | Colección: Ciencias Empresariales. Área: Contabilidad y Finanzas |
| 504 ## - BIBLIOGRAPHY, ETC. NOTE | |
| Bibliography, etc | Includes bibliographical references. |
| 650 #0 - SUBJECT ADDED ENTRY--TOPICAL TERM | |
| Topical term or geographic name as entry element | Accounting |
| General subdivision | Standards. |
| 650 #0 - SUBJECT ADDED ENTRY--TOPICAL TERM | |
| Topical term or geographic name as entry element | Financial statements |
| General subdivision | Standards. |
| 650 #0 - SUBJECT ADDED ENTRY--TOPICAL TERM | |
| Topical term or geographic name as entry element | Accounting |
| General subdivision | Law and legislation. |
| 830 #0 - | |
| -- | Colección: Ciencias Empresariales. |
| -- | Contabilidad y Finanzas. |
| 856 40 - LOCALIZACIÓN Y ACCESO ELECTRÓNICO | |
| Identificador Uniforme del Recurso (URI/URL) | https://app.vlex.com/#/sources/38754 |
| 942 ## - | |
| -- | RAA |
| 999 ## - | |
| -- | 173052 |
| -- | 173052 |
No hay ítems disponibles.